000
00216 a2200097 4500
001
11191
100
_a
Ogden, C. K.
245
_a
Ancient India & India Civil
260
_a
_b
Routledge & Kegan
_c
090
_c
8744
_d
8744
942
_a
NUST-CAE
_c
_c
35538
999
_c
246264
_d
246264